000 004200000a22001810004500
003 MACL
005 20160129164429.0
008 160129b xxu||||| |||| 00| 0 eng d
040 _aMACL
_cMACL
041 _aEnglish
082 _a823/THA
100 _aTharoor, shashi
_91825
245 _aRiot A Novel
260 _bViking
_c2001
_aNew Delhi
350 _a295
650 _aFiction
_935683
942 _cBK
_k823/Tha
_2ddc
999 _c31699
_d31699